[Event "SVK-chT2C 2223"]
[Site "Slovakia"]
[Date "2023.02.11"]
[Round "8.7"]
[White "Nahalka, Jan"]
[Black "Carnecka, Stella"]
[Result "1-0"]
[WhiteElo "1763"]
[BlackElo "1637"]
[PlyCount "67"]
[EventDate "2022.10.08"]
[EventType "team-tourn"]
[EventRounds "11"]
[EventCountry "SVK"]
[SourceTitle "EXT 2024"]
[Source "ChessBase"]
[SourceDate "2023.10.10"]
[SourceVersion "1"]
[SourceVersionDate "2023.10.10"]
[SourceQuality "1"]
[WhiteTeam "Ondrasova Krivan"]
[BlackTeam "Zilina Mladost III"]
[WhiteTeamCountry "SVK"]
[BlackTeamCountry "SVK"]

1. d4 d5 2. c4 e6 3. Nc3 Nf6 4. cxd5 exd5 5. Bg5 Be7 6. e3 h6 7. Bh4 c6 8. Bd3 Nbd7 9. Qc2 b6 10. Nf3 Bb7 11. 0-0 0-0 12. Rad1 Rc8 13. Qb1 c5 14. Rfe1 Re8 15. Bf5 c4 16. Ne5 a6 17. Bxf6 Nxf6 18. Bxc8 Bxc8 19. Nc6 Qd6 20. Nxe7+ Rxe7 21. f3 b5 22. Qc2 Bd7 23. a3 a5 24. Rd2 b4 25. axb4 axb4 26. Nd1 g6 27. Nf2 Kg7 28. e4 dxe4 29. fxe4 Bf5 30. Qxc4 Nxe4 31. Nxe4 Bxe4 32. Qc5 Qf6 33. Rde2 Qh4 34. g3 1-0

[Event "SVK-chT1E 2223"]
[Site "Slovakia"]
[Date "2023.01.14"]
[Round "7.7"]
[White "Hanko, Pavol"]
[Black "Carnecka, Stella"]
[Result "1-0"]
[WhiteElo "2070"]
[BlackElo "1610"]
[PlyCount "107"]
[EventDate "2022.10.15"]
[EventType "team-tourn"]
[EventRounds "11"]
[EventCountry "SVK"]
[SourceTitle "EXT 2024"]
[Source "ChessBase"]
[SourceDate "2023.10.10"]
[SourceVersion "1"]
[SourceVersionDate "2023.10.10"]
[SourceQuality "1"]
[WhiteTeam "Dunajov Martin"]
[BlackTeam "Zilina Mladost II"]
[WhiteTeamCountry "SVK"]
[BlackTeamCountry "SVK"]

1. d4 d5 2. Nf3 Nf6 3. c4 e6 4. Bg5 Be7 5. e3 h6 6. Bh4 Nbd7 7. Nc3 b6 8. cxd5 Nxd5 9. Nxd5 exd5 10. Bxe7 Qxe7 11. Rc1 Qb4+ 12. Qd2 Qxd2+ 13. Kxd2 c5 14. Bb5 c4 15. Bc6 Rb8 16. Bxd5 b5 17. b3 cxb3 18. Bxb3 0-0 19. Rc7 a5 20. Rhc1 Nb6 21. Ne5 Be6 22. Nc6 Ra8 23. d5 Nxd5 24. Bxd5 Bxd5 25. Ne7+ Kh7 26. Nxd5 Rad8 27. e4 f5 28. f3 fxe4 29. fxe4 Rf2+ 30. Ke3 Rxg2 31. R1c2 Rg6 32. Rb7 b4 33. Ra7 Rb8 34. Rxa5 b3 35. Rb2 Rg5 36. axb3 Rg1 37. b4 Re1+ 38. Re2 Rb1 39. Ra7 Rb3+ 40. Kd4 Rf3 41. Rg2 Rg8 42. b5 Rf1 43. b6 Rd1+ 44. Ke3 Rf1 45. Rc7 Kh8 46. Rb2 Re1+ 47. Kd3 Rd1+ 48. Kc2 Rf1 49. b7 Rf2+ 50. Kc3 Rf3+ 51. Kd4 Rff8 52. Kc5 Rb8 53. Ne7 Rge8 54. Nc6 1-0

[Event "SVK-chT2C 2223"]
[Site "Slovakia"]
[Date "2022.11.13"]
[Round "4.6"]
[White "Faber, Peter"]
[Black "Carnecka, Stella"]
[Result "1/2-1/2"]
[WhiteElo "1870"]
[BlackElo "1694"]
[PlyCount "42"]
[EventDate "2022.10.08"]
[EventType "team-tourn"]
[EventRounds "11"]
[EventCountry "SVK"]
[SourceTitle "EXT 2024"]
[Source "ChessBase"]
[SourceDate "2023.10.10"]
[SourceVersion "1"]
[SourceVersionDate "2023.10.10"]
[SourceQuality "1"]
[WhiteTeam "Detva"]
[BlackTeam "Zilina Mladost III"]
[WhiteTeamCountry "SVK"]
[BlackTeamCountry "SVK"]

1. e3 d5 2. b3 e6 3. Bb2 c5 4. Nf3 a6 5. Be2 Nd7 6. 0-0 Ngf6 7. c4 b6 8. Nc3 Bb7 9. d4 Be7 10. Rc1 0-0 11. Rc2 Rc8 12. cxd5 Nxd5 13. Nxd5 Bxd5 14. Qa1 cxd4 15. Rxc8 Qxc8 16. Bxd4 Bf6 17. Rc1 Qb7 18. Ne1 Rc8 19. Bxf6 Nxf6 20. f3 b5 21. Nd3 Nd7 1/2-1/2

[Event "Liptovsky Jan op"]
[Site "Liptovsky Jan"]
[Date "2022.06.26"]
[Round "7"]
[White "Carnecka, Stella"]
[Black "Kovacik, Oliver1111"]
[Result "1-0"]
[WhiteElo "1588"]
[BlackElo "1205"]
[PlyCount "25"]
[EventDate "2022.06.23"]
[EventType "swiss"]
[EventRounds "7"]
[EventCountry "SVK"]
[SourceTitle "CBM 209 Extra"]
[Source "ChessBase"]
[SourceDate "2022.09.30"]
[SourceVersion "1"]
[SourceVersionDate "2022.09.30"]
[SourceQuality "1"]

1. e4 b6 2. d4 Bb7 3. Nc3 d5 4. e5 e6 5. f4 c5 6. Nf3 Nd7 7. Be3 Rc8 8. Be2 cxd4 9. Nxd4 Bc5 10. 0-0 a6 11. f5 Nh6 12. Kh1 0-0 13. h3 1-0

[Event "SVK-ch U16/18 Girls"]
[Site "Stara Lubovna"]
[Date "2022.05.23"]
[Round "4"]
[White "Carnecka, Stella"]
[Black "Bochnickova, Simona"]
[Result "0-1"]
[WhiteElo "1648"]
[BlackElo "1931"]
[PlyCount "60"]
[EventDate "2022.05.21"]
[EventType "swiss"]
[EventRounds "9"]
[EventCountry "SVK"]
[SourceTitle "CBM 208 Extra"]
[Source "ChessBase"]
[SourceDate "2022.07.31"]
[SourceVersion "1"]
[SourceVersionDate "2022.07.31"]
[SourceQuality "1"]

1. e4 e5 2. Nc3 Nc6 3. Bc4 Nf6 4. d3 Na5 5. Bb3 Nxb3 6. axb3 Bb4 7. Nge2 d5 8. 0-0 0-0 9. Bg5 c6 10. exd5 cxd5 11. Bxf6 gxf6 12. f4 Kh8 13. f5 Rg8 14. Ng3 Rg5 15. Qf3 Bxc3 16. bxc3 b5 17. d4 Bb7 18. Qe3 Qb6 19. h4 Rg4 20. Nh5 exd4 21. cxd4 Rxd4 22. Qh6 Rf4+ 23. Kh2 Rxh4+ 24. Kg3 Qd6+ 25. Kxh4 Qh2+ 26. Kg4 Rg8+ 27. Kf3 Qxg2+ 28. Ke3 Qe4+ 29. Kd2 Rg2+ 30. Kc3 Rxc2# 0-1

[Event "SVK-chT2C 2122"]
[Site "Slovakia"]
[Date "2022.05.01"]
[Round "11.5"]
[White "Balint, Vladimir"]
[Black "Carnecka, Stella"]
[Result "1-0"]
[WhiteElo "1918"]
[BlackElo "1648"]
[PlyCount "43"]
[EventDate "2021.10.16"]
[EventType "team-tourn"]
[EventRounds "11"]
[EventCountry "SVK"]
[SourceTitle "EXT 2023"]
[Source "ChessBase"]
[SourceDate "2022.10.05"]
[SourceVersion "1"]
[SourceVersionDate "2022.10.05"]
[SourceQuality "1"]
[WhiteTeam "Martin Medea"]
[BlackTeam "Kysucke Nove Mesto"]
[WhiteTeamCountry "SVK"]
[BlackTeamCountry "SVK"]

1. e4 c5 2. Nc3 Nc6 3. f4 d6 4. Nf3 g6 5. Bb5 e6 6. 0-0 Nge7 7. Qe1 a6 8. Bxc6+ Nxc6 9. d3 Bg7 10. Kh1 Qc7 11. f5 Bd7 12. Ng5 exf5 13. exf5+ Be5 14. Nd5 Qd8 15. Ne4 0-0 16. Bg5 Qa5 17. Nef6+ Bxf6 18. Nxf6+ Kg7 19. Qh4 h5 20. Nxh5+ gxh5 21. Bf6+ Kg8 22. Qg5+ 1-0

[Event "SVK-chT2C 2122"]
[Site "Slovakia"]
[Date "2022.03.26"]
[Round "8.7"]
[White "Janik, Marek Tobias"]
[Black "Carnecka, Stella"]
[Result "1-0"]
[WhiteElo "1801"]
[BlackElo "1643"]
[PlyCount "71"]
[EventDate "2021.10.16"]
[EventType "team-tourn"]
[EventRounds "11"]
[EventCountry "SVK"]
[SourceTitle "EXT 2023"]
[Source "ChessBase"]
[SourceDate "2022.10.05"]
[SourceVersion "1"]
[SourceVersionDate "2022.10.05"]
[SourceQuality "1"]
[WhiteTeam "Liptov Chess School III"]
[BlackTeam "Kysucke Nove Mesto"]
[WhiteTeamCountry "SVK"]
[BlackTeamCountry "SVK"]

1. c4 Nf6 2. Nc3 e5 3. g3 c6 4. d4 Bd6 5. Bg2 Bc7 6. Bg5 h6 7. Bxf6 Qxf6 8. d5 d6 9. e3 0-0 10. Nge2 Qe7 11. 0-0 Bf5 12. e4 Bh7 13. f4 f5 14. fxe5 Qxe5 15. exf5 Bxf5 16. Kh1 c5 17. Qd2 Nd7 18. Rae1 Rac8 19. Nf4 Qd4 20. Qxd4 cxd4 21. Nb5 d3 22. b3 Bb8 23. Nd4 Ne5 24. Nxf5 Rxf5 25. Bh3 Rcf8 26. Bxf5 Rxf5 27. Kg2 g5 28. Ne6 Rxf1 29. Rxf1 a6 30. Nd4 Ba7 31. Nf5 Ng4 32. h3 Nf2 33. Rxf2 Bxf2 34. Kxf2 b5 35. cxb5 axb5 36. Nxd6 1-0

[Event "SVK-ch U20 Girls"]
[Site "Lubovna"]
[Date "2020.08.22"]
[Round "9"]
[White "Carnecka, Stella"]
[Black "Nadzamova, Viktoria"]
[Result "0-1"]
[WhiteElo "1527"]
[BlackElo "1966"]
[PlyCount "62"]
[EventDate "2020.08.15"]
[EventType "swiss"]
[EventRounds "9"]
[EventCountry "SVK"]
[SourceTitle "EXT 2021"]
[Source "ChessBase"]
[SourceDate "2020.10.23"]
[SourceVersion "1"]
[SourceVersionDate "2020.10.23"]
[SourceQuality "1"]

1. c4 e6 2. Nc3 d5 3. d4 Nf6 4. Bf4 a6 5. e3 Be7 6. Nf3 0-0 7. Be2 dxc4 8. Bxc4 b5 9. Bd3 c5 10. dxc5 Bxc5 11. Ne4 Bb4+ 12. Nc3 Nd5 13. 0-0 Nxf4 14. exf4 Qf6 15. Qc2 h6 16. Ne2 Nd7 17. a3 Bc5 18. b4 Bb6 19. Be4 Ra7 20. Rac1 e5 21. fxe5 Nxe5 22. Nxe5 Qxe5 23. Ng3 Rc7 24. Qd3 Be6 25. Rfe1 Rxc1 26. Rxc1 Bxf2+ 27. Kxf2 Qf4+ 28. Kg1 Qxc1+ 29. Nf1 Bc4 30. Qf3 Bxf1 31. Qxf1 Qe3+ 0-1

[Event "SVK-ch U14 Girls"]
[Site "Liptovsky Mikulas"]
[Date "2018.04.24"]
[Round "5"]
[White "Mikova, Miriam"]
[Black "Carnecka, Stella"]
[Result "0-1"]
[WhiteElo "1000"]
[BlackElo "1375"]
[PlyCount "74"]
[EventDate "2018.04.21"]
[EventType "swiss"]
[EventRounds "9"]
[EventCountry "SVK"]
[SourceTitle "CBM 184 Extra"]
[Source "ChessBase"]
[SourceDate "2018.06.28"]
[SourceVersion "1"]
[SourceVersionDate "2018.06.28"]
[SourceQuality "1"]

1. d4 d5 2. Bf4 Bf5 3. e3 Nf6 4. Nf3 e6 5. Bd3 Be4 6. Nbd2 Bxd3 7. cxd3 c5 8. e4 Nc6 9. dxc5 dxe4 10. dxe4 Bxc5 11. 0-0 0-0 12. Bg5 e5 13. Re1 Qb6 14. Qe2 Nd4 15. Nxd4 Bxd4 16. Nc4 Qe6 17. Rac1 h6 18. Bxf6 Qxf6 19. b3 Rfd8 20. Ne3 Rac8 21. Nf5 Bc5 22. h3 Kh7 23. Rc2 Bb6 24. Rxc8 Rxc8 25. Rd1 Rd8 26. Rxd8 Qxd8 27. Qc4 Qd2 28. Qxf7 Qxf2+ 29. Kh2 Qf4+ 30. Kh1 Qf1+ 31. Kh2 Bg1+ 32. Kh1 Be3+ 33. Kh2 Qg1+ 34. Kg3 Bf4+ 35. Kh4 Qxg2 36. Qe7 Bg5+ 37. Kh5 Qxh3+ 0-1